[Event "Match"]
[Site "www.echecsemail.com"]
[Date "2019.06.29"]
[Round "1"]
[White "C17"]
[Black "Yakke"]
[WhiteElo "1379"]
[BlackElo "1690"]
[Result "0-1"]
[Round "1"]
1.e4 e5
2.Bf1c4 Qd8f6
3.Qd1h5 g6
4.Bc4xf7 Qf6xf7
5.Qh5xe5 Qf7e6
6.Qe5xh8 Qe6xe4
7.Kf1 Qe4c4
8.Ng1e2 Ng8e7
9.Qh8xh7 Qc4xc2
10.h4 d6
11.f3 Qc2d1
12.Kf2 Qd1xh1
13.Qh7h8 Qh1h2
14.Ne2d4 { time. }
0-1

[Event "Match"]
[Site "www.echecsemail.com"]
[Date "2019.06.29"]
[Round "1"]
[White "Micheles"]
[Black "Karlita96"]
[WhiteElo "2560"]
[BlackElo "1579"]
[Result "1-0"]
[Round "1"]
1.d4 Ng8f6
2.Ng1f3 g6
3.Bc1g5 Nf6e4
4.Bg5h4 Bf8g7
5.Nb1d2 d5
6.e3 Bc8g4
7.Bf1e2 O-O
8.O-O  { time }
1-0

[Event "Tourn. n10137"]
[Site "www.echecsemail.com"]
[Date "2019.06.29"]
[Round "1"]
[White "Insearchof"]
[Black "Bojan"]
[WhiteElo "2170"]
[BlackElo "2110"]
[Result "0-1"]
[Round "1"]
1.d4 d5
2.c4 dxc4
3.Ng1f3 b5
4.a4 c6
5.e3 e6
6.axb5 cxb5
7.b3 Qd8c7
8.bxc4 bxc4
9.Nf3e5 Nb8d7
10.Ne5xc4 Bf8b4
11.Bc1d2 Bb4xd2
12.Qd1xd2 Ng8f6
13.Qd2b4 Nf6d5
14.Qb4a3 Nd7b6
15.Nc4d6 Kd8
16.Nb1d2 a6
17.Ra1c1 Qc7d7
18.Nd2e4 h6
19.Bf1e2 Nd5c7
20.Ne4c5 Qd7e7
21.Nc5b7 Kd7
22.Nb7c5 Kd8
23.O-O Ra8b8
24.Rc1c2 Nc7e8
25.Nd6xe8 Kxe8
26.Rf1b1 Nb6d7
 { time }
0-1

[Event "Tourn. n10083"]
[Site "www.echecsemail.com"]
[Date "2019.06.29"]
[Round "1"]
[White "Hundegana"]
[Black "Claudia"]
[WhiteElo "2000"]
[BlackElo "1850"]
[Result "0-1"]
[Round "1"]
1.e4 c5
2.Bf1c4 e6
3.Ng1f3 d6
4.O-O Ng8f6
5.a3 Nf6xe4
6.Rf1e1 d5
7.Bc4a2 Bf8e7
8.d3 Ne4f6
9.Nb1d2 O-O
10.c3 Nb8c6
11.Nd2f1 h6
12.Nf3e5 Nc6xe5
13.Re1xe5 Be7d6
14.Re5e1 Bc8d7
15.Qd1f3 Bd7c6
16.Qf3e2 e5
17.b4 Rf8e8
18.Qe2d1 Qd8c7
19.d4 cxd4
20.cxd4 e4
21.Ra1b1 Bc6b5
22.Nf1g3 a5
23.bxa5 Bb5d3
24.Rb1b3 Ra8xa5
25.Rb3xd3 exd3
26.Re1xe8 Nf6xe8
27.Qd1xd3 Qc7xc1
28.Qd3f1 Qc1xf1
29.Kxf1 Ne8f6
30.Ng3f5 Bd6xa3
31.Ba2b3 Ba3f8
32.f3 Ra5a1
33.Kf2 Ra1b1
34.Bb3a4 g6
35.Nf5g3 b5
36.Ba4xb5 Rb1xb5
37.h3 Rb5b2
38.Ng3e2 Rb2xe2
39.Kxe2 Nf6h5
40.Ke3 Bf8g7
41.g4 Nh5f6
42.h4 Nf6e8
43.f4 Ne8d6
44.h5 Nd6e4
45.hxg6 fxg6
46.g5 hxg5
47.fxg5 Ne4xg5
48.Kd3 Ng5e6
49.Ke3 Ne6xd4
50.Kf4 Kf7
51.Kg5 Nd4e6
52.Kg4 Kf6
53.Kf3 Ke5
54.Ke3 Ne6c5
55.Kf3 Bg7h6
56.Ke2 Ke4
57.Kf2 Bh6f4
58.Ke2 d4
59.Kf2 d3
60.Ke1 Ke3
61.Kd1 d2
62.Kc2 Ke2
63.Kc3 d1Q
64.Kc4 Nc5e6
65.Kc3 g5
66.Kc4 g4
67.Kc3 g3
68.Kc4 g2
69.Kc3 g1Q
70.Kc4 Qg1c5
{ resign }
0-1

[Event "Match"]
[Site "www.echecsemail.com"]
[Date "2019.06.29"]
[Round "1"]
[White "Ericleo1980"]
[Black "Ditto"]
[WhiteElo "1900"]
[BlackElo "1850"]
[Result "1-0"]
[Round "1"]
1.e4 e5
2.Ng1f3 Nb8c6
3.Bf1b5 Bf8c5
4.c3 d6
5.h3 Bc8d7
6.d3 a6
7.Bb5a4 Qd8f6
8.b4 Bc5a7
9.Qd1e2 Ng8e7
10.Bc1e3 Bd7e6
11.Nb1d2 O-O
12.O-O Nc6d8
13.Be3g5 Qf6g6
14.Bg5xe7 Be6xh3
15.Nf3h4 Qg6e6
16.Be7xf8 Bh3g4
17.Nh4f3 Kxf8
18.Rf1e1  { time }
1-0

[Event "Tourn. n10140"]
[Site "www.echecsemail.com"]
[Date "2019.06.29"]
[Round "1"]
[White "Argento"]
[Black "Jjmcbride"]
[WhiteElo "1799"]
[BlackElo "1710"]
[Result "1-0"]
[Round "1"]
1.d4 d5
2.c4 e6
3.Nb1c3 Ng8f6
4.cxd5 exd5
5.Bc1g5 b6
6.e3 Bc8b7
7.Ng1f3 a6
8.Bf1d3 c5
9.dxc5 bxc5
10.Ra1c1 d4
11.exd4 cxd4
12.Qd1e2 Bf8e7
13.Nc3e4  { time }
1-0

[Event "Fast Game"]
[Site "www.echecsemail.com"]
[Date "2019.06.29"]
[Round "1"]
[White "Av870"]
[Black "Ern007"]
[WhiteElo "1599"]
[BlackElo "1599"]
[Result "0-1"]
[Round "1"]
1.Ng1f3 d5
2.e3 c5
3.g3 Ng8f6
4.Bf1g2 Nb8c6
5.O-O e5
6.d3 Bc8e6
7.Rf1e1 Bf8d6
8.c3 O-O
 { time }
0-1

[Event "Match"]
[Site "www.echecsemail.com"]
[Date "2019.06.30"]
[Round "1"]
[White "Cal"]
[Black "Paco"]
[WhiteElo "1650"]
[BlackElo "2030"]
[Result "1-0"]
[Round "1"]
1.c4 d5
2.cxd5 Qd8xd5
3.Nb1c3 Qd5a5
4.e4 e5
5.Ng1f3 Nb8c6
6.d3 Bf8b4
7.Bc1d2 Ng8f6
8.Bf1e2 Nc6d4
9.O-O O-O
10.a3 Bb4d6
11.Nc3d5 Qa5b5
12.b4 Nf6xd5
13.exd5 Bc8f5
14.h3 Nd4xe2
15.Qd1xe2 Bf5xd3
16.Qe2e3 Bd3xf1
17.Ra1xf1 Rf8e8
18.Qe3e4 Qb5a4
{ time. }
1-0

[Event "Tourn. n10144"]
[Site "www.echecsemail.com"]
[Date "2019.06.30"]
[Round "1"]
[White "Francesco"]
[Black "Jerome"]
[WhiteElo "2150"]
[BlackElo "2199"]
[Result "0-1"]
[Round "1"]
1.e4 c5
2.c3 Ng8f6
3.e5 Nf6d5
4.d4 cxd4
5.cxd4 d6
6.Bf1c4 Nd5b6
7.Bc4b3 dxe5
8.dxe5 Qd8xd1
9.Bb3xd1 Nb8c6
10.f4 Bc8f5
11.Ng1f3 e6
12.b3 Nc6b4
13.O-O Bf8c5
14.Kh1 Nb6d5
15.a3 Nb4d3
16.Bd1e2 Ra8c8
17.b4 Nd3f2
18.Kg1 Bc5b6
19.Nb1d2 Nd5c3
20.Rf1xf2 Nc3xe2
21.Kf1 Ne2xc1
{ resign }
0-1

[Event "Tourn. n10071"]
[Site "www.echecsemail.com"]
[Date "2019.06.30"]
[Round "1"]
[White "Francesco"]
[Black "Jesmantiz"]
[WhiteElo "2060"]
[BlackElo "2040"]
[Result "1-0"]
[Round "1"]
1.e4 c6
2.d4 d6
3.Ng1f3 g6
4.c4 Bf8g7
5.Nb1c3 h6
6.Bf1e2 e6
7.O-O Ng8e7
8.Rf1e1 Nb8a6
9.a3 g5
10.h3 Ne7g6
11.Qd1c2 O-O
12.Bc1e3 Na6c7
13.Ra1d1 Qd8e7
14.Be2d3 e5
15.d5 c5
16.Rd1b1 Ng6f4
17.b4 b6
18.bxc5 bxc5
19.Rb1b2 g4
20.hxg4 Bc8xg4
21.Bd3e2 f5
22.Rb2b7 Nf4xe2
23.Qc2xe2 f4
24.Be3d2 Qe7d8
25.Re1b1 Nc7e8
26.Qe2d3 Bg4c8
27.Rb7b2 Kh8
28.Nf3h2 Ne8f6
29.Nc3b5 Nf6g4
30.Nh2xg4 Bc8xg4
31.f3 Bg4h5
32.Qd3f1 Rf8f7
33.Kf2 Bg7f6
34.Qf1h1 Bf6h4
35.Ke2 Rf7d7
36.Qh1h3 a6
37.Nb5c3 Bh5g6
38.Rb1h1 Bh4g5
39.Qh3e6 Kg7
40.Nc3a4 Rd7e7
41.Qe6g4 Ra8a7
42.Rb2b1 Qd8e8
43.Na4b2 Ra7b7
44.Nb2d3 Rb7xb1
45.Rh1xb1 Qe8a4
46.Qg4c8 Qa4xa3
47.Bd2c1 Qa3a2
48.Rb1b2 Qa2xc4
49.Rb2b7 Qc4c2
50.Bc1d2 Re7xb7
51.Qc8xb7 Kg8
52.Qb7b8 Kf7
53.Qb8xd6 Bg6xe4
54.Nd3xe5 Kg7
55.Qd6d7 Kf6
56.Qd7e6 Kg7
57.Qe6f7 Kh8
58.Qf7f8 Kh7
59.d6 Be4d5
60.d7 Bd5b3
61.d8Q Qc2d1
62.Kf2 Bg5xd8
63.Qf8xd8 Qd1c2
64.Qd8e7 Kg8
65.Qe7e8 Kg7
66.Qe8d7 Kf6
67.Ne5g4 Kg6
68.Qd7d6 Kf7
69.Qd6xf4 Ke7
70.Qf4xh6 Qc2b2
71.Qh6e3 Kd6
72.Qe3c3 Qb2a2
73.Kg3 Bb3d5
74.Bd2f4 Kc6
75.Bf4e3 c4
76.Ng4e5 Kd6
77.Be3f4 Ke6
78.Qc3e3 Kf5
79.Ne5g4 Qa2a5
80.Qe3e5 Kg6
81.Ng4f6 Qa5d8
82.Nf6xd5 a5
83.Qe5d6 Qd8xd6
84.Bf4xd6 Kf5
85.Nd5b6 c3
86.Bd6a3 Ke5
87.f4 Kf5
88.Kf3 Kf6
89.g4 Kg6
90.Ke4 Kf7
91.Kf5 c2
92.g5 Kg7
93.Ba3b2 Kf7
94.g6 Kg8
95.Kf6 Kf8
96.f5 Kg8
97.g7 { resign }
1-0

[Event "Match"]
[Site "www.echecsemail.com"]
[Date "2019.07.01"]
[Round "1"]
[White "Micheles"]
[Black "Insearchof"]
[WhiteElo "2560"]
[BlackElo "2170"]
[Result "1-0"]
[Round "1"]
1.d4 Ng8f6
2.Ng1f3 g6
3.Bc1g5 Bf8g7
4.Nb1d2 O-O
5.e4 d5
6.exd5 Nf6xd5
7.c3 h6
8.Bg5h4 c5
9.dxc5 Nd5f4
10.Nd2b3 Qd8c7
11.Bh4g3 Rf8d8
12.Nf3d4 Qc7e5
13.Qd1e2 Nf4d3
14.Kd2 Qe5xe2
15.Bf1xe2 Nd3xb2
16.a4 e5
17.Bg3xe5 Bg7xe5
18.Kc2 Nb2xa4
19.Ra1xa4  { time }
1-0

[Event "Tourn. n10137"]
[Site "www.echecsemail.com"]
[Date "2019.07.01"]
[Round "1"]
[White "Fantomas"]
[Black "Insearchof"]
[WhiteElo "2230"]
[BlackElo "2170"]
[Result "1-0"]
[Round "1"]
1.e4 c5
2.Nb1c3 d6
3.h3 g6
4.Ng1f3 Bf8g7
5.Nc3d5 e6
6.Nd5e3 Nb8c6
7.Bf1e2 Ng8f6
8.d3 O-O
9.O-O d5
10.Bc1d2 dxe4
11.dxe4 Nf6xe4
12.Bd2c1 Nc6d4
13.c3 Nd4xe2
14.Qd1xe2 b6
15.Ne3g4 Bc8b7
16.Rf1d1 Qd8c7
17.Nf3d2 Ra8d8
18.Nd2xe4 f5
19.Rd1xd8 Qc7xd8
20.Ne4xc5 bxc5
21.Ng4h2 Qd8d5
22.f3 Rf8d8
23.Bc1e3 Rd8d7
24.Nh2f1 a5
25.Qe2f2 c4
26.Qf2e2  { time }
1-0

[Event "Tourn. n10140"]
[Site "www.echecsemail.com"]
[Date "2019.07.01"]
[Round "1"]
[White "Picifarkinca"]
[Black "Jjmcbride"]
[WhiteElo "1830"]
[BlackElo "1710"]
[Result "1-0"]
[Round "1"]
1.b3 b6
2.Bc1b2 Nb8c6
3.g3 e5
4.Bf1g2 d5
5.c4 Ng8f6
6.cxd5 Nf6xd5
7.Nb1c3 Bc8e6
8.Ra1c1 Qd8d7
9.d3 g5
10.a3 a6
11.Nc3e4 Bf8e7
12.Qd1c2 Nc6d4
13.Bb2xd4  { time }
1-0

[Event "Tourn. n10111"]
[Site "www.echecsemail.com"]
[Date "2019.07.01"]
[Round "1"]
[White "Tartan"]
[Black "Yudoka"]
[WhiteElo "2460"]
[BlackElo "2300"]
[Result "1-0"]
[Round "1"]
1.d4 d5
2.c4 c6
3.Ng1f3 Ng8f6
4.Nb1c3 dxc4
5.a4 Bc8f5
6.e3 e6
7.Bf1xc4 Bf8b4
8.O-O O-O
9.Qd1b3 Qd8e7
10.a5 a6
11.Ra1a4 Bb4d6
12.Nf3h4 Qe7c7
13.f4 Nb8d7
14.Nh4xf5 exf5
15.Bc4d3 g6
16.Bc1d2 Rf8e8
17.Bd3c4 Re8e7
18.Ra4a1 Ra8e8
19.Rf1f3 Kg7
20.Ra1d1 c5
21.Rd1a1 cxd4
22.exd4 Nd7b8
23.Nc3d5 Nf6xd5
24.Bc4xd5 Nb8c6
25.Ra1a4  { time }
1-0

[Event "Tourn. n10164"]
[Site "www.echecsemail.com"]
[Date "2019.07.01"]
[Round "1"]
[White "Francesco"]
[Black "Bojan"]
[WhiteElo "2200"]
[BlackElo "2010"]
[Result "1-0"]
[Round "1"]
1.e4 e5
2.Ng1f3 d6
3.d4 exd4
4.Nf3xd4 a6
5.Nb1c3 g6
6.Bf1c4 Bf8g7
7.O-O Bc8d7
8.Qd1f3 Qd8f6
9.Qf3xf6 Bg7xf6
10.Bc1e3 Nb8c6
11.Rf1d1 Ng8e7
12.Nc3d5 Bf6g7
13.Nd5xc7 Kd8
14.Nc7xa8 Nc6a5
15.Bc4xf7 Bg7e5
16.Na8b6 Bd7e8
17.Nd4e6 { resign }
1-0

[Event "Match"]
[Site "www.echecsemail.com"]
[Date "2019.07.01"]
[Round "1"]
[White "Tbsundar"]
[Black "Insearchof"]
[WhiteElo "2200"]
[BlackElo "2170"]
[Result "1-0"]
[Round "1"]
1.d4 Ng8f6
2.Ng1f3 g6
3.b3 Bf8g7
4.Bc1b2 O-O
5.e3 c5
6.Nb1d2 d5
7.Bf1d3 cxd4
8.exd4 Nb8c6
9.O-O Nc6b4
10.Bd3b5 Bc8f5
11.Nf3e1 Ra8c8
12.c3 Nb4c6
13.Bb5d3 Qd8d7
14.Qd1c2 Nc6xd4
15.Bd3xf5 Nd4xf5
16.Ne1f3 Qd7c7
17.Rf1e1 Rf8d8
18.Ra1c1 d4
19.c4 d3
20.Qc2d1 Nf6h5
21.Bb2xg7 Nh5xg7
22.b4 Ng7e6
23.Re1xe6 fxe6
24.Nf3g5 Nf5d4
{ time. }
1-0

[Event "Tourn. n10137"]
[Site "www.echecsemail.com"]
[Date "2019.07.02"]
[Round "1"]
[White "Insearchof"]
[Black "Luban"]
[WhiteElo "2170"]
[BlackElo "2180"]
[Result "0-1"]
[Round "1"]
1.d4 d5
2.c4 e6
3.Ng1f3 h6
4.g3 Ng8f6
5.Bf1g2 c5
6.O-O Nb8c6
7.cxd5 exd5
8.Nb1c3 Bc8e6
9.b3 Bf8e7
10.dxc5 Be7xc5
11.Bc1b2 O-O
12.Ra1c1 Ra8c8
13.Nc3a4 Bc5e7
14.Na4c5 Be7xc5
15.Rc1xc5 Nf6e4
16.Rc5c1 a6
17.Nf3d4 Ne4d6
18.Nd4xc6 bxc6
19.Qd1d4 Nd6f5
20.Qd4c5 Qd8d6
21.Bb2a3 Qd6xc5
22.Rc1xc5 Nf5d4
23.e3 Nd4b5
24.Ba3b2 Rf8d8
25.Rf1c1 Be6d7
26.Bg2f1 Nb5c7
27.Rc5a5 Rc8a8
 { time }
0-1

[Event "Match"]
[Site "www.echecsemail.com"]
[Date "2019.07.02"]
[Round "1"]
[White "Dy1anator"]
[Black "Liencam2"]
[WhiteElo "1489"]
[BlackElo "2260"]
[Result "0-1"]
[Round "1"]
1.e4 c5
2.e5 Nb8c6
3.d3 Nc6xe5
4.a3 Ng8f6
5.h3 d5
6.b3 e6
7.Bc1b2 Bf8d6
8.h4 d4
9.Rh1h3 Ne5g4
10.Ng1f3 e5
11.a4 O-O
12.Nb1d2 Nf6d5
13.Nf3g1 Ng4e3
14.fxe3 Bc8xh3
15.gxh3 Qd8xh4
16.Ke2 Nd5xe3
17.Ng1f3 Ne3xd1
18.Nf3xh4 Nd1xb2
19.Ra1a2 Nb2xd3
20.cxd3 f5
21.Bf1g2 Ra8b8
22.Bg2d5 Kh8
23.Nd2c4 Bd6c7
24.Kd1 b6
25.Ra2g2 Rb8e8
26.Rg2g1 e4
27.dxe4 fxe4
28.Rg1e1 e3
29.Nh4g2 Rf8f2
30.Bd5c6 Re8f8
31.h4 Bc7g3
32.Bc6d5 Rf2f5
33.Bd5e4 Rf5h5
34.Re1e2 Bg3xh4
35.Ng2xh4 Rh5xh4
 { time }
0-1

[Event "Tourn. n10160"]
[Site "www.echecsemail.com"]
[Date "2019.07.02"]
[Round "1"]
[White "Francesco"]
[Black "Bojan"]
[WhiteElo "2190"]
[BlackElo "2040"]
[Result "1-0"]
[Round "1"]
1.d4 d5
2.c4 e6
3.Nb1c3 dxc4
4.e4 c5
5.Ng1f3 h6
6.Bf1xc4 a6
7.O-O Bc8d7
8.Bc1e3 b5
9.Bc4b3 c4
10.Bb3c2 Ng8f6
11.Ra1c1 Bf8e7
12.b3 Be7b4
13.Nc3e2 cxb3
14.axb3 Nf6h7
15.Qd1d3 f6
16.Nf3h4 Nh7f8
17.Ne2g3 Qd8e7
18.Bc2d1 g5
19.Bd1h5 Kd8
20.Nh4f3 Bd7e8
21.Bh5xe8 Qe7xe8
22.Rc1c2 Nb8d7
23.Rf1c1 Bb4a3
24.Rc1a1 Qe8e7
25.d5 Ra8c8
26.Ra1a2 Nf8g6
27.Ng3e2 Ke8
28.Rc2xc8 Kf7
29.Rc8xh8 Ng6xh8
30.dxe6 { resign }
1-0

[Event "Tourn. n10115"]
[Site "www.echecsemail.com"]
[Date "2019.07.02"]
[Round "1"]
[White "Llord"]
[Black "Fabos12"]
[WhiteElo "2010"]
[BlackElo "1890"]
[Result "1-0"]
[Round "1"]
1.e4 e5
2.Ng1f3 Nb8c6
3.Bf1c4 h6
4.O-O Ng8f6
5.Nb1c3 a6
6.a4 Bf8c5
7.Nc3d5 d6
8.d3 Bc8e6
9.Nd5xf6 Qd8xf6
10.h3 Be6xc4
11.dxc4 O-O-O
12.b3 Nc6d4
13.Bc1e3 a5
14.c3 Nd4xf3
15.Qd1xf3 Qf6xf3
16.gxf3 g6
17.Ra1b1 f5
18.exf5 gxf5
19.f4 Rh8g8
20.Kh2 Bc5a3
21.b4 axb4
22.cxb4 c5
23.b5 b6
24.Be3d2 Rg8g6
25.Rf1g1 Rd8g8
26.fxe5 dxe5
27.f4 e4
28.Rg1xg6 Rg8xg6
29.Rb1g1 Rg6xg1
30.Kxg1 Ba3b2
31.Kf2 Kd7
32.Kg3 Bb2f6
33.Kf2 Bf6h4
34.Ke3 Ke7
35.a5 bxa5
36.Bd2xa5 Bh4g3
37.b6 { resign }
1-0

[Event "Tourn. n10145"]
[Site "www.echecsemail.com"]
[Date "2019.07.02"]
[Round "1"]
[White "Conde7"]
[Black "Asoka"]
[WhiteElo "2830"]
[BlackElo "2750"]
[Result "1-0"]
[Round "1"]
1.e4 e5
2.Ng1f3 Nb8c6
3.d4 exd4
4.Nf3xd4 Ng8f6
5.Nd4xc6 bxc6
6.e5 Qd8e7
7.Qd1e2 Nf6d5
8.c4 Nd5b6
9.Nb1c3 Qe7e6
10.Qe2e4 d5
11.exd6 Qe6xe4
12.Nc3xe4 cxd6
13.Bf1e2 Bc8e6
14.Bc1f4 d5
15.cxd5 Nb6xd5
16.Bf4d2 Bf8b4
17.O-O-O Bb4e7
18.Kb1 O-O
19.f3 Nd5f6
20.Be2d3 a5
21.Ne4g5 Be6d5
22.Rh1e1 Ra8a7
23.Ng5e4 Ra7b7
24.Bd2c3 Nf6h5
25.g3 a4
26.Bc3d4 Rf8b8
27.Rd1c1 Rb7d7
28.Bd4e5 Rb8d8
29.a3 f6
30.Be5c3 g6
31.Bc3a5 Rd8a8
32.Ne4c5 Be7xc5
33.Rc1xc5 f5
34.Ba5c3 Bd5xf3
35.Bd3c4 Kf8
36.Ka2 Bf3d5
37.Re1f1 Nh5g7
38.Bc3b4 Kf7
39.Rc5xc6 Bd5xc4
40.Rc6xc4 Ng7e6
41.Bb4c3 Kg8
42.g4 fxg4
43.Rc4xg4 Ne6c7
44.h4 Nc7d5
45.Bc3d2 Rd7f7
46.Rf1g1 Rf7d7
47.Bd2g5 Kg7
48.Rg4d4 Nd5b6
49.Rd4e4 Nb6d5
50.Rg1g4 Rd7a7
51.h5 Ra7a6
52.h6 Kf7
53.Re4d4 Ke6
54.Bg5d2 Nd5f6
55.Rg4g2 Ra8b8
56.Bd2c3 Rb8b5
57.Rd4c4 Nf6d5
58.Bc3g7 Kf5
59.Rg2f2 Kg5
60.Rc4e4 Ra6a7
61.Rf2f1 Rb5a5
62.Bg7d4 Ra7d7
63.Re4e2 Kh5
64.Rf1g1 g5
65.Re2e5 Kxh6
66.Rg1xg5 { resign }
1-0

[Event "Tourn. n10140"]
[Site "www.echecsemail.com"]
[Date "2019.07.02"]
[Round "1"]
[White "Jjmcbride"]
[Black "Cal"]
[WhiteElo "1710"]
[BlackElo "1660"]
[Result "0-1"]
[Round "1"]
1.e4 e5
2.Ng1f3 d6
3.b4 a6
4.c4 h6
5.h3 Ng8f6
6.Nb1c3 Bc8e6
7.b5 a5
8.d4 c6
9.dxe5 Nf6h7
10.a4 Bf8e7
11.exd6 Be7xd6
12.e5 Bd6b4
13.Qd1xd8 Kxd8
14.Bc1b2 Nb8d7
15.Ra1d1 Ke7
16.Bf1e2 Rh8d8
17.O-O { time. }
0-1

[Event "Match"]
[Site "www.echecsemail.com"]
[Date "2019.07.02"]
[Round "1"]
[White "Ztornad"]
[Black "Chapi"]
[WhiteElo "1950"]
[BlackElo "2090"]
[Result "0-1"]
[Round "1"]
1.e3 c5
2.Nb1c3 Nb8c6
3.Ng1f3 d6
4.h3 g6
5.d4 cxd4
6.exd4 Bf8g7
7.Bf1c4 Bc8f5
8.a3 a6
9.Bc4d3 Bf5xd3
10.Qd1xd3 Ng8f6
11.Bc1f4 Nf6d7
12.Nc3d5 Qd8a5
13.Nd5c3 Nd7b6
14.O-O Nb6d5
15.Nc3xd5 Qa5xd5
16.c4 Qd5a5
17.Bf4d2 Qa5b6
18.Bd2c3 Ra8c8
19.Ra1c1 Nc6a5
20.Bc3xa5 Qb6xa5
21.c5 dxc5
22.b4 Qa5d8
23.Rc1xc5 Rc8xc5
24.bxc5 O-O
25.Rf1d1 Qd8d5
26.Rd1d2 Rf8d8
27.Kh1 e5
28.Nf3g1 exd4
29.Qd3c2 Rd8c8
30.Qc2a2 Qd5xa2
31.Rd2xa2 Rc8xc5
32.Ng1f3 Rc5a5
33.Nf3d2 b5
34.Nd2b3 Ra5a4
35.Nb3c5 Ra4c4
36.Nc5xa6 Bg7e5
37.g3 Be5d6
38.Na6b4 Bd6xb4
39.axb4 Rc4xb4
40.Ra2a8 Kg7
41.Ra8d8 Rb4c4
42.Rd8e8 d3
43.Re8d8 Rc4c3
44.Rd8d4 Kf6
45.f4 b4
46.Rd4xb4 d2
47.Rb4b6 Kg7
48.Rb6d6 Rc3c1
49.Kg2 d1Q
50.Rd6xd1 Rc1xd1
51.Kf2 Kf6
52.h4 Kf5
53.Ke2 Kg4
54.Kxd1 Kxg3
55.h5 Kxf4
56.hxg6 fxg6
57.Ke1 Kg3
58.Kf1 g5
59.Kg1 g4
60.Kh1 Kf2
61.Kh2 g3
62.Kh3 g2
63.Kg4 g1Q
64.Kf4 h5
65.Ke4 h4
66.Ke5 h3
67.Kd4 h2
68.Ke5 h1Q
69.Kd4 Qg1g3
70.Kc4 Qh1h4
71.Kd5 Qg3g5
72.Ke6 Qh4h6
73.Kd7 Qg5g7
{ resign }
0-1

[Event "Tourn. n10130"]
[Site "www.echecsemail.com"]
[Date "2019.07.02"]
[Round "1"]
[White "Passaroa25"]
[Black "Hansen"]
[WhiteElo "1720"]
[BlackElo "1730"]
[Result "1-0"]
[Round "1"]
1.Nb1c3 d6
2.Ng1f3 a6
3.d4 Bc8g4
4.e4 h6
5.h3 Bg4h5
6.Bf1e2 Nb8c6
7.a3 g5
8.Bc1e3 Bf8g7
9.O-O g4
10.Nf3h4 e5
11.d5 Nc6e7
12.Be2xg4 Bh5g6
13.g3 h5
14.Bg4f3 Ng8f6
15.Be3g5 c6
16.Ra1b1 Nf6h7
17.g4 f6
18.Bg5d2 cxd5
19.Nc3xd5 Ne7c6
20.Nh4xg6 Rh8g8
21.Ng6h4 Nc6d4
22.Nh4f5 Bg7f8
23.c3 Nd4e6
24.Kg2 Ra8c8
25.Nf5h6 Rg8g7
26.Nh6f5 Rg7f7
27.b4 hxg4
28.Bf3xg4 Kd7
29.Bd2e3 a5
30.Nd5b6 Ke8
31.Nb6xc8 Qd8xc8
32.Nf5xd6 Bf8xd6
33.Qd1xd6 Rf7e7
34.Qd6b6 Qc8xc3
35.Bg4xe6 Nh7f8
36.Qb6b5 Kd8
37.Qb5xa5 Ke8
38.Qa5a8 { resign }
1-0

[Event "Match"]
[Site "www.echecsemail.com"]
[Date "2019.07.02"]
[Round "1"]
[White "Jesmantiz"]
[Black "Kipik"]
[WhiteElo "2140"]
[BlackElo "2250"]
[Result "0-1"]
[Round "1"]
1.d4 d5
2.e3 Ng8f6
3.Bf1d3 c5
4.c3 Nb8c6
5.f4 Bc8g4
6.Ng1f3 e6
7.O-O Bf8d6
8.a3 O-O
9.Nb1d2 Qd8b6
10.Qd1e1 Bg4f5
11.Bd3e2 Ra8c8
12.Kh1 h6
13.Nf3e5 Nc6e7
14.Qe1h4 a6
15.g4 Bf5c2
16.Qh4h3 Qb6c7
17.Nd2f3 c4
18.g5 hxg5
19.fxg5 Bc2f5
20.Qh3g2 Nf6e4
21.h4 Bf5g6
22.Ne5xg6 fxg6
23.Rf1d1 Rf8f7
24.Bc1d2 Rc8f8
25.Bd2e1 Ne7f5
26.Be1f2 Nf5g3
27.Bf2xg3 Ne4xg3
28.Kg1 Ng3xe2
29.Qg2xe2 Rf7xf3
30.Rd1d2 Qc7f7
31.e4 dxe4
32.Qe2xc4 Rf3g3
33.Kh1 Qf7f3
{ resign }
0-1

[Event "Tourn. n10149"]
[Site "www.echecsemail.com"]
[Date "2019.07.02"]
[Round "1"]
[White "Tonino1"]
[Black "Apdash"]
[WhiteElo "2040"]
[BlackElo "2170"]
[Result "1-0"]
[Round "1"]
1.f4 e5
2.e4 d6
3.Ng1f3 Bc8g4
4.Bf1c4 Bf8e7
5.fxe5 dxe5
6.Bc4xf7 Kxf7
7.Nf3xe5 Ke8
8.Qd1xg4 g6
9.Qg4e6 Qd8d6
10.Qe6f7 Kd8
11.Qf7g7 Be7f6
12.Qg7xh8 Bf6xh8
13.Ne5f7 Ke7
14.Nf7xd6 cxd6
15.O-O Nb8c6
16.c3 Ng8f6
17.d3 Nc6e5
18.d4 Ne5c4
19.b3 Nc4b6
20.Bc1a3 Kd7
21.Nb1d2 Ra8e8
22.Ra1e1 Re8c8
23.c4 Rc8e8
24.e5 dxe5
25.dxe5 Nf6g4
26.Rf1f7 Kc8
27.Ba3d6 Bh8xe5
28.Rf7c7 Kd8
29.Bd6xe5 Re8xe5
30.Re1xe5 Kxc7
31.Re5e7 Kc6
32.Re7xh7 Nb6d7
33.Rh7xd7 Kxd7
34.Nd2f3 Kd6
35.h3 Ng4e3
36.Kf2 Ne3c2
37.Ke2 a5
38.h4 Nc2b4
39.a3 Nb4c2
40.a4 Nc2a1
41.Nf3d4 Kc5
42.Kd3 Kb4
43.Nd4c2 Na1xc2
44.Kxc2 Kc5
45.Kc3 Kd6
46.Kd4 b6
47.g4 Ke6
48.h5 gxh5
49.gxh5 { resign }
1-0

[Event "Tourn. n10126"]
[Site "www.echecsemail.com"]
[Date "2019.07.02"]
[Round "1"]
[White "Chessdna"]
[Black "Ditto"]
[WhiteElo "1650"]
[BlackElo "1850"]
[Result "0-1"]
[Round "1"]
1.e4 e5
2.Ng1f3 Nb8c6
3.c3 Bf8c5
4.b4 Bc5b6
5.Bf1b5 d6
6.d4 a6
7.Bb5c4 Bc8g4
8.d5 Nc6b8
9.a4 Nb8d7
10.b5 Bb6c5
11.Nb1d2 Qd8f6
12.bxa6 bxa6
13.Ra1b1 Ng8e7
14.Qd1e2 Ne7g6
15.g3 Ng6e7
16.O-O Qf6h6
17.Bc4xa6 O-O
18.Ba6b5 Nd7f6
19.h4 { time. }
0-1

[Event "Match"]
[Site "www.echecsemail.com"]
[Date "2019.07.02"]
[Round "1"]
[White "Apdash"]
[Black "Comrade"]
[WhiteElo "2200"]
[BlackElo "2290"]
[Result "0-1"]
[Round "1"]
1.e4 c5
2.Ng1f3 d6
3.d4 cxd4
4.Nf3xd4 e5
5.Bf1b5 Bc8d7
6.Bb5c4 exd4
7.Qd1xd4 Nb8c6
8.Qd4d1 Ng8f6
9.O-O Bf8e7
10.Nb1c3 O-O
11.Bc1f4 Bd7e6
12.Nc3d5 Nf6xe4
13.Rf1e1 Be6xd5
14.Bc4xd5 Ne4f6
15.c4 Rf8e8
16.Qd1f3 Nc6d4
17.Qf3d3 Nd4c6
18.a3 Nf6xd5
19.Qd3xd5 Be7f6
20.Re1xe8 Qd8xe8
21.Qd5xd6 Bf6xb2
22.Ra1b1 Bb2e5
23.Bf4xe5 Nc6xe5
24.c5 Ra8d8
25.Qd6c7 Rd8d7
26.Qc7a5 Qe8d8
27.Qa5e1 Ne5d3
28.Qe1c3 Nd3xc5
29.h3 Rd7d1
30.Rb1xd1 Qd8xd1
31.Kh2 Qd1d6
32.g3 h6
33.Qc3a5 a6
34.h4 Nc5e4
35.Qa5f5 Qd6c6
36.g4 b5
37.g5 hxg5
38.hxg5 Ne4xg5
39.Qf5xg5 Qc6h6
40.Qg5xh6 gxh6
41.f4 a5
42.Kg3 b4
{ resign }
0-1

[Event "Fast Game"]
[Site "www.echecsemail.com"]
[Date "2019.07.02"]
[Round "1"]
[White "Hennie4820"]
[Black "Ern007"]
[WhiteElo "1570"]
[BlackElo "1599"]
[Result "0-1"]
[Round "1"]
1.e4 e5
2.Ng1f3 Nb8c6
3.Bf1c4 Ng8f6
4.d4 exd4
5.e5 d5
6.Bc4b5 Nf6e4
7.Nf3xd4 Bc8d7
8.Bb5xc6 bxc6
9.f3 Qd8h4
10.Ke2 Qh4f2
11.Kd3 c5
12.Bc1e3 c4

0-1

[Event "Tourn. n10131"]
[Site "www.echecsemail.com"]
[Date "2019.07.03"]
[Round "1"]
[White "Fantomas"]
[Black "Louis"]
[WhiteElo "2230"]
[BlackElo "2110"]
[Result "1-0"]
[Round "1"]
1.e4 e6
2.d4 d5
3.e5 c5
4.c3 Nb8c6
5.Ng1f3 Qd8b6
6.a3 Ng8h6
7.Bf1e2 cxd4
8.cxd4 Nh6f5
9.b4 Nc6xd4
10.O-O Nd4xe2
11.Qd1xe2 h6
12.Bc1b2 Bf8e7
13.Nb1d2 O-O
14.Nd2b3 Bc8d7
15.Qe2d2 Bd7a4
16.Nb3d4 Nf5xd4
17.Bb2xd4 Qb6a6
18.Bd4e3 Qa6c6
19.Ra1c1 Qc6d7
20.h4 Ba4b5
21.Rf1e1 a5
22.Be3c5 axb4
23.axb4 Rf8c8
24.Qd2d4 Be7xc5
25.Rc1xc5 Rc8xc5
26.Qd4xc5 Ra8c8
27.Qc5e3 Rc8c4
28.Re1b1 Qd7e7
29.Qe3d2 Bb5a4
30.g3 Rc4xb4
31.Qd2xb4 Qe7xb4
32.Rb1xb4 b5
33.Nf3d4 g6
34.Nd4xb5 Ba4xb5
35.Rb4xb5 { resign }
1-0

[Event "Match"]
[Site "www.echecsemail.com"]
[Date "2019.07.03"]
[Round "1"]
[White "Whitekknight"]
[Black "Ditto"]
[WhiteElo "1900"]
[BlackElo "1780"]
[Result "1-0"]
[Round "1"]
1.e4 e5
2.Ng1f3 Nb8c6
3.Bf1c4 Bf8c5
4.O-O d6
5.h3 a6
6.c3 Qd8f6
7.d3 Ng8e7
8.Bc1g5 Qf6g6
9.Qd1d2 Bc8d7
10.Nf3h4 Qg6h5
11.g4 Bd7xg4
12.Kh2 Ne7g6
13.hxg4 Qh5xg4
14.Rf1g1 Qg4h5
15.Kh3 Ng6xh4
16.Bg5xh4 O-O
17.b4 Bc5a7
18.Bc4d5 Ra8b8
19.Bd5b3 Nc6e7
20.Bb3d1 Qh5xh4
21.Kxh4 Ne7g6
22.Kg3 Rb8e8
23.Bd1h5 Ng6f4
24.Bh5f3 Re8e6
25.Bf3g4 Re6g6
26.Kh2 Rg6h6
27.Kg3 Rh6g6
28.Kf3 Rg6f6
29.Kg3 Nf4g6
30.Rg1h1 Rf6f4
31.Bg4f5 Ba7xf2
32.Qd2xf2 Rf4xf2
33.Kxf2 h6
34.Nb1d2 Ng6f4
35.Ke3 b5
36.Ra1g1 Rf8a8
37.Rh1xh6  { time }
1-0

[Event "Tourn. n10168"]
[Site "www.echecsemail.com"]
[Date "2019.07.03"]
[Round "1"]
[White "Bojan"]
[Black "Apdash"]
[WhiteElo "2010"]
[BlackElo "2210"]
[Result "0-1"]
[Round "1"]
1.e4 c5
2.Nb1c3 d6
3.h3 Nb8c6
4.Ng1f3 e5
5.Bf1c4 Nc6d4
6.d3 Bf8e7
7.Nc3d5 Bc8e6
8.c3 Nd4xf3
9.Qd1xf3 Ng8f6
10.O-O O-O
11.Nd5xe7 Qd8xe7
12.Bc1g5 Be6xc4
13.dxc4 Qe7e6
14.Bg5xf6 gxf6
15.b3 Kh8
16.Ra1d1 Rf8g8
17.Qf3h5 Rg8g5
18.Qh5f3 Ra8g8
19.Rf1e1 f5
20.Kf1 fxe4
21.Re1xe4 f5
22.Re4h4 e4
23.Qf3f4 Rg5xg2
24.Rh4h6 Rg8g6
25.Rh6h5 Rg2g1
26.Ke2 Rg1xd1
27.Kxd1 Rg6f6
28.Rh5g5 h6
29.Rg5g2 Qe6e5
30.Qf4d2 f4
31.Ke1 e3
32.fxe3 fxe3
33.Qd2d3 Qe5f4
34.Qd3e2 Qf4f5
35.h4 Qf5b1
36.Qe2d1 Rf6f1
{ resign }
0-1